| Tag |
First Indicator |
Second Indicator |
Subfields |
| LEADER |
00000cam a2200000 a 4500 |
| 001 |
in00001381721 |
| 005 |
20151006095627.0 |
| 008 |
961210s1997 ilua b s001 0 eng |
| 010 |
|
|
|a 96053058
|
| 020 |
|
|
|a 0226436233 (cloth : alk. paper)
|
| 020 |
|
|
|a 0226436241 (pbk. : alk. paper)
|
| 035 |
|
|
|a (OCoLC)36112210
|
| 035 |
|
|
|9 AHK3747AM
|
| 040 |
|
|
|a DLC
|c DLC
|d TXA
|d UtOrBLW
|
| 043 |
|
|
|a n-us---
|
| 049 |
|
|
|a TXAM
|
| 050 |
0 |
0 |
|a JK1029
|b .K56 1997
|
| 082 |
0 |
0 |
|a 328.73/0765
|2 21
|
| 100 |
1 |
|
|a King, David C.
|
| 245 |
1 |
0 |
|a Turf wars :
|b how Congressional committees claim jurisdiction /
|c David C. King.
|
| 264 |
|
1 |
|a Chicago :
|b University of Chicago Press,
|c 1997.
|
| 300 |
|
|
|a xiv, 207 pages :
|b illustrations ;
|c 24 cm.
|
| 336 |
|
|
|a text
|b txt
|2 rdacontent
|
| 337 |
|
|
|a unmediated
|b n
|2 rdamedia
|
| 338 |
|
|
|a volume
|b nc
|2 rdacarrier
|
| 490 |
1 |
|
|a American politics and political economy
|
| 504 |
|
|
|a Includes bibliographical references (pages 181-199) and index.
|
| 610 |
1 |
0 |
|a United States.
|b Congress
|x Committees.
|
| 650 |
|
0 |
|a Competent authority
|z United States.
|
| 650 |
|
0 |
|a Jurisdiction
|z United States.
|
| 830 |
|
0 |
|a American politics and political economy.
|
| 999 |
|
|
|a MARS
|
| 999 |
f |
f |
|s 03559106-5d5b-3574-be36-0d450fbb372a
|i c5b415fd-a354-3783-99a0-f15ea1aa6372
|t 0
|
| 952 |
f |
f |
|p ric
|a Texas A&M University
|b Rellis Campus
|c Joint Library Facility
|d Remote Storage
|t 0
|e JK1029 .K56 1997
|h Library of Congress classification
|i unmediated -- volume
|m A14821373481
|
| 998 |
f |
f |
|a JK1029 .K56 1997
|t 0
|l Remote Storage
|